| 000 | 00771nam a2200229 i 4500 | ||
|---|---|---|---|
| 001 | 27074 | ||
| 003 | ES-MaACL | ||
| 005 | 20240125164727.0 | ||
| 007 | t| | ||
| 008 | 030113s1979 sp ||||1| spa d | ||
| 020 | _a84-292-8737-X | ||
| 100 | 1 |
_aArrillaga Torrens, Rafael. _923321 |
|
| 245 | 1 | 0 |
_aKant y el idealismo trascendental / _cRafael Arrillaga Torrens. |
| 260 |
_aMadrid : _bRevista de Occidente, _c[1979] |
||
| 300 |
_a255 p. ; _c21 cm. |
||
| 490 | 1 |
_aBiblioteca de la Revista de Occidente ; _v37 |
|
| 504 | _aBibliografía:p. [249]-251. | ||
| 600 | 1 | 4 |
_aKant, Immanuel, _d1724-1804- _xCrítica e interpretación _967497 |
| 830 | 1 |
_aBiblioteca de la Revista de Occidente ; _v37 _9181088 |
|
| 852 |
_aES-MaACL _jA-10350 |
||
| 999 |
_c27074 _d27074 |
||